000 01309cam a2200301 a 4500
999 _c21425
_d21425
001 15992631
003 OSt
005 20170121122028.0
008 091123s2011 at a b 001 0 eng
010 _a 2009942042
020 _a9781439042113
020 _a143904211X
040 _aDLC
_cDLC
_dDLC
050 0 0 _aHD57.7 .D34 2011
100 1 _aDaft, Richard L.
_d2011
245 1 4 _aThe Leadership experience /
_cRichard L Daft, with the assistance of Patricia G. Lane.
250 _a5e ed.
260 _aAustralia ;
_aMason, OH :
_bSouth-Western Cengage Learning,
_c2011.
300 _axviii, 507 p. :
_b ill. ;
_c25 cm.
500 _aincludes bibliographical references and index.
650 0 _aLeadership.
700 1 _aLane, Patricia G.
856 4 2 _3Contributor biographical information
_uhttp://www.loc.gov/catdir/enhancements/fy1105/2009942042-b.html
856 4 2 _3Publisher description
_uhttp://www.loc.gov/catdir/enhancements/fy1105/2009942042-d.html
856 4 1 _3Table of contents only
_uhttp://www.loc.gov/catdir/enhancements/fy1105/2009942042-t.html
906 _a7
_bibc
_corignew
_d2
_eepcn
_f20
_gy-gencatlg
942 _2lcc
_cBOOKS
_hHD57.7 .D34 2011
_k27808